000 00403nam a2200133Ia 4500
008 220217s9999||||xx |||||||||||||| ||und||
020 _a978-81-203-3460-1
082 _a004.65 DAV
100 _aDavies, Joseph
_96077
245 0 _aWindows server 2008 TCP/IP protocols and services
260 _aPrentice hall of india private Ltd.
_bNew Delhi
_c2008
300 _b450
650 _aCOMPUTER NETWORK
999 _c177422
_d177422